| 000 | 00584nam a22001577a 4500 | ||
|---|---|---|---|
| 003 | OSt | ||
| 005 | 20150923152945.0 | ||
| 008 | 150923b xxu||||| |||| 00| 0 eng d | ||
| 040 | _cRUA | ||
| 082 | _aAGR CHH 2010 B047 Or.1 | ||
| 100 |
_91204 _aCHHENG, MAKARA. |
||
| 245 | _aComparison between different rice verieties in rainy season condiction,(ការប្រៀបធៀបពូជស្រូវផ្សេងៗគ្នាលក្ខខ័ណ្ឌរដូេវវស្សា) | ||
| 260 |
_aPhnom Penh _bRUA _c2010 |
||
| 300 |
_aviii, 44. _bill. _c29cm. |
||
| 942 |
_2ddc _cAGR |
||
| 999 |
_c1145 _d1145 |
||